| 000 | 01425nam0a22003131 4500 | ||
|---|---|---|---|
| 001 | rc\2193094 | ||
| 005 | 20110829164313.6 | ||
| 035 | _a(NLR Aleph) 006692872 | ||
| 090 |
_a5163890 _c5163889 |
||
| 100 | _a20110829d1978 |||y0rusy50 ca | ||
| 101 | 0 | _arus | |
| 102 | _aRU | ||
| 105 | _ay z ||||| | ||
| 200 | 1 |
_aМетодические рекомендации по адаптации больных к ортопедическим и ортодонтическим манипуляциям, сопряженным с растяжением жевательных мышц _fТашк. мед. ин-т _g[Сост. к. м. н. Зуфаров С.А., Изабакаров Я.И.] |
|
| 210 |
_aТашкент _c[Б. и.] _d1978 |
||
| 215 |
_a11 с. _d20 |
||
| 300 | _aЗагл. обл.: ...и ортодонтическим лечебным манипуляциям | ||
| 606 |
_aЗубные протезы _xКонструирование _2psbo |
||
| 606 |
_aЖевательные мышцы _xРастяжение _xВлияние протезов _2psbo |
||
| 702 | 1 |
_aИзабакаров _bЯ. И. _4220 |
|
| 702 | 1 |
_aЗуфаров _bС. А. _4220 |
|
| 712 | 0 | 2 |
_aТашкентский мед. ин-т _3RU\NLR\AUTH\889927685 |
| 801 | 0 |
_aRU _bNLR _gpsbo |
|
| 801 | 1 |
_aRU _bELAR _2rusmarc |
|
| 852 |
_aNLR _j78-4/19344 |
||
| 899 |
_aRuMoRGB _j801-83/13387-3 |
||
| 899 |
_aRuMoRGB _jM 78-11/2759 |
||
| 942 | _cBOOK | ||
| 980 | _aNB | ||